
Library Catalogue

| 000 -LEADER | |
|---|---|
| fixed length control field | 00675nam a2200205Ia 4500 |
| 003 - CONTROL NUMBER IDENTIFIER | |
| control field | OSt |
| 005 - DATE AND TIME OF LATEST TRANSACTION | |
| control field | 20201119163755.0 |
| 008 - FIXED-LENGTH DATA ELEMENTS--GENERAL INFORMATION | |
| fixed length control field | 160316s1999 xxu||||| |||| 00| 0 eng d |
| 040 ## - CATALOGING SOURCE | |
| Transcribing agency | . |
| 082 ## - DEWEY DECIMAL CLASSIFICATION NUMBER | |
| Classification number | 347.066000 |
| Item number | HEA |
| 100 ## - MAIN ENTRY--PERSONAL NAME | |
| Personal name | Heaton-Armstrong Anthony |
| 245 ## - TITLE STATEMENT | |
| Title | Analysing witnesss testimony : A guide for legal practioners and other professionals |
| 260 ## - PUBLICATION, DISTRIBUTION, ETC. | |
| Place of publication, distribution, etc. | London |
| Name of publisher, distributor, etc. | Blackstone Press Pvt. Ltd. |
| Date of publication, distribution, etc. | 1999 |
| 300 ## - PHYSICAL DESCRIPTION | |
| Extent | 360p |
| Dimensions | xvii |
| 365 ## - TRADE PRICE | |
| Price amount | Rs.2,303.59 |
| 650 ## - SUBJECT ADDED ENTRY--TOPICAL TERM | |
| Topical term or geographic name entry element | 1. Evidence - Witness Testimony - Analysis |
| 700 ## - ADDED ENTRY--PERSONAL NAME | |
| Personal name | Shepherd Eric |
| -- | Wolchover David |
| 856 ## - ELECTRONIC LOCATION AND ACCESS | |
| Uniform Resource Identifier | <a href="/cgi-bin/koha/opac-retrieve-file.pl?id=2f3d37af65daf94879c3c950c9770c9d">/cgi-bin/koha/opac-retrieve-file.pl?id=2f3d37af65daf94879c3c950c9770c9d</a> |
| 942 ## - ADDED ENTRY ELEMENTS (KOHA) | |
| Source of classification or shelving scheme | Dewey Decimal Classification |
| Koha item type | BOOKs |
| Withdrawn status | Lost status | Damaged status | Not for loan | Home library | Current library | Shelving location | Date acquired | Cost, normal purchase price | Total Checkouts | Full call number | Barcode | Date last seen | Price effective from | Koha item type |
|---|---|---|---|---|---|---|---|---|---|---|---|---|---|---|
| . | . | Library Compactors | 30.05.2017 | 2303.59 | 347.066 HEA | 15727 | 30.05.2017 | 30.05.2017 | BOOKs |